Retorica (La) (Record no. 65653)

MARC details
000 -LEADER
fixed length control field 01658nam a2200301Ia 4500
001 - CONTROL NUMBER
control field 13605
003 - CONTROL NUMBER IDENTIFIER
control field IT-RoPAU
008 - FIXED-LENGTH DATA ELEMENTS--GENERAL INFORMATION
fixed length control field 130308s9999 xx 000 0 und d
040 ## - CATALOGING SOURCE
Original cataloging agency IT-RoPAU
040 ## - CATALOGING SOURCE
Transcribing agency IT-RoPAU
041 ## - LANGUAGE CODE
Language code of text/sound track or separate title ITALIANO
999 ## - SYSTEM CONTROL NUMBERS (KOHA)
Koha Dewey Subclass [OBSOLETE] SI
100 ## - MAIN ENTRY--PERSONAL NAME
Personal name Barilli Renato
100 ## - MAIN ENTRY--PERSONAL NAME
Miscellaneous information Codice Aut. SPICS: 9544
245 ## - TITLE STATEMENT
Title Retorica (La)
245 ## - TITLE STATEMENT
Remainder of title Retorica (La)
250 ## - EDITION STATEMENT
Edition statement 1a ed.
260 ## - PUBLICATION, DISTRIBUTION, ETC. (IMPRINT)
Place of publication, distribution, etc. MILANO
260 ## - PUBLICATION, DISTRIBUTION, ETC. (IMPRINT)
Name of publisher, distributor, etc. ISEDI
260 ## - PUBLICATION, DISTRIBUTION, ETC. (IMPRINT)
Date of publication, distribution, etc. 1979 [1° Ed.:1979 - Ed.Ling.Originale:1979]
300 ## - PHYSICAL DESCRIPTION
Extent "180 p. (prefazione: 6; testo: 174)"
500 ## - GENERAL NOTE
General note Eta'Greca Origini della Retorica e Sofisti Platone Retorica di Aristotele tra Forma e Contenuto Età Romana Cicerone e Il Primato della Retorica Quintiliano Medioevo Patristica e Agostino Boezio e la Scolastica Spirito Dialettico del XIII Secolo Caso di Dante Umanesimo e Rinascimento Retorica e Dialettica in Lorenzo Valla Recupero Umanistico della Dialettica Remismo Età moderna e Declino della Retorica Retorica e barocco Cartesio Pascal Leibnizbacone e L'Empirismo Vico Particolare Retorico e Universale Logico Sensismo Età Contemporanea Kant Hegel e Il superamento della Retorica tra Romanticismo e Positivismo condanna Rigorosa del croce riscatto Contemporaneo della Retorica Critica del vero e ritorno al Probabilismo Teoria dell'argomentazione di Perelman micro Retorica di Freud e Saussure Retorica e Letteraturalinea sintetica degli Anglosassoni e Linea Analitica dei Formalisti russi Retorica e Media tecnologici McLuhan Vitalità della Retorica
650 ## - SUBJECT ADDED ENTRY--TOPICAL TERM
Topical term or geographic name as entry element LINGUISTICA
650 ## - SUBJECT ADDED ENTRY--TOPICAL TERM
Relator term Codice materia Spics: 3201
942 ## - ADDED ENTRY ELEMENTS (KOHA)
Koha item type LIBRO
957 ## -
-- 1
999 ## - SYSTEM CONTROL NUMBERS (KOHA)
-- 1
Holdings
Withdrawn status Lost status Damaged status Not for loan Home library Current library Date acquired Total Checkouts Full call number Date last seen Price effective from Koha item type Public note
    Buone Condizioni Not For Loan SPICS-MEDIATECA SPICS-MEDIATECA 08/03/2013   13605 08/03/2013 08/03/2013 LIBRO Progressivo inserimento: 2890 / N. Volumi: 1 Copie: 1 Copia Rara: SI / data import: 1 marzo 2013 - By Epidotti, Trombetti, Vaglietti.
CREDITS: SOCIETA' SAN PAOLO Via A.Severo, 58 - ROMA (RM) & PERIODICI SAN PAOLO SRL Via Giotto, 36 MILANO & CISF Via Giotto, 36 MILANO & EDIZIONI SAN PAOLO SRL,  Piazza Soncino, 5 CINISELLO BALSAMO (MI) -- ITALY